Chinese History 101 Quiz #5 - Statistics

General Stats
  • This quiz has been taken 40 times
  • The average score is 7 of 10
Answer Stats
Question Answer % Correct
Which country did the Northern Song form an alliance with to annihilate the Liao? Jurchen Jin
100%
Why did the Southern Song dynasty form? The country moved its capital south after the Jin invaded and captured the emperors
100%
Who was the first Great Khan of the Mongol Empire? Genghis Khan
83%
Where was the capital of the Northern Song? Bianjing (now Kaifeng)
67%
Which country invaded the Northern Song in 1003 and its troops were only 100 km from its capital? Liao
67%
What led to the popular uprisings of the Red Turban Rebellions in the 1350s? Natural disasters and the Black Death
67%
What did loyalist Lu Xiufu do after the defeat at the Battle of Yamen? He grabbed the 7-year-old boy emperor and jumped off the cliff
50%
Which country did the Southern Song form an alliance with to annihilate the Jin? Mongol
50%
What happened to Toghon Temür (Emperor Huizong), the last emperor of the Yuan dynasty? He fled north and continued as the emperor of the Northern Yuan dynasty
33%
Why did the Mongol troops retreat from the Song in 1259? Möngke Khan died during the siege of Diaoyu Fortress
33%
No matching quizzes found
Score Distribution
Percent of People with Each Score
Percentile by Number Answered
Your Score History
You have not taken this quiz